000
00248nam a22001097a 4500
003
OSt
008
231115b |||||||| |||| 00| 0 eng d
041
_a
mal
100
_a
Lalithambika Antharjanam
_9
246
245
_a
Theranhedutha Kadhakal
942
_c
BK
999
_c
17957
_d
17957